000 00721nam a2200241Ia 4500
003 OSt
005 20220925212433.0
006 a|||||r|||| 00| 0
007 ta
008 220923b |||||||| |||| 00| 0 eng d
037 _cGeneral Book
040 _aRTL
_cRTL
_beng
041 _2eng
_aeng
082 _aY492(P6).73.N7, L7
100 _aHuggins Nathan Irvin
_9152345
245 0 _aBlack odyssey
_b The ordeal of slavery in America
260 _aLondon
_bAllen & Unwin
_c1977
300 _axiv,250p
_ccm.
500 _aBibliography: p 247-250
650 _aOccupational Sociology
_9230967
942 _hY492(P6).73.N7, L7
_cGB
_2CC
999 _c560352
_d560352